000 00600nam a2200205 a 4500
001 BRCA_3670
005 20190320204357.0
008 010909s1956----gw-a---###---#000-0#ger-#
041 _ager
044 _agw
050 4 _aNK2270
_b.S36 1956
100 1 _aSchmitz, Hermann
_99529
245 1 0 _aDas Möbelwerk
_bDie Möbelformen vom Altertum bis zur Mitte des neunzehnten Jahrhunderts
_cHermann Schmitz.
260 _aTübingen, Alemnia
_bE. Wasmuth
_c1956
300 _alxxx p.
_bil., 320 láminas
_c30 cm.
500 _aB324
650 1 4 _aMuebles
_xHistoria
_94173
902 _aGFM
942 _2lcc
_cB
999 _c3402
_d3402